|
|
|
|
| LEADER |
00000nam a2200000 4500 |
| 001 |
vtls012078555 |
| 003 |
SK-MaSNL |
| 005 |
20260301150723.0 |
| 008 |
211124s2021 xo a b 001 0 slo |
| 015 |
|
|
|a SNBA2022/05
|
| 020 |
|
|
|a 9788055177496
|q (hrebeňová väzba)
|
| 040 |
|
|
|a SNK
|b slo
|c SNK
|e rda
|
| 041 |
0 |
|
|a slo
|
| 044 |
|
|
|a xo
|c SK
|
| 072 |
|
7 |
|a 523/524
|x Slnečná sústava Hviezdy. Vesmír
|2 konspekt
|
| 072 |
|
7 |
|a 0/9-053.2
|x Literatúra pre deti a mládež (náučná)
|2 konspekt
|
| 080 |
|
|
|a 524.8
|2 2011
|
| 080 |
|
|
|a 523.4
|2 2011
|
| 080 |
|
|
|a 523
|2 2011
|
| 080 |
|
|
|a 520:001.891
|2 2011
|
| 080 |
|
|
|a 0/9
|2 2011
|
| 080 |
|
|
|a (0.062)
|2 2011
|
| 080 |
|
|
|a (0.053.2)
|2 2011
|
| 100 |
1 |
|
|a Mullenheim, Sophie de,
|d 1974-
|4 aut
|9 172934
|
| 240 |
1 |
0 |
|a Dis-moi! L'Univers!
|l Slovensky
|
| 245 |
1 |
0 |
|a Vesmír
|c Sophie De Mullenheimová ; ilustrácie Nebeské telesá: Rebecca Galerová, Planéty: Mauro Mazzari, Vesmírny výskum: Patrick Chenot, Záhady vesmíru: Rebecca Galerová ; z francúzskeho originálu Dis-moi! L'Univers! ... peložila Eva Corvest
|
| 246 |
3 |
4 |
|a Povedz mi: Vesmír
|
| 250 |
|
|
|a Prvé vydanie
|
| 264 |
|
1 |
|a Bratislava
|b Ikar, a.s. - Stonožka
|c 2021
|
| 300 |
|
|
|a 108 strán
|b farebné ilustrácie
|c 21 cm
|
| 336 |
|
|
|a text
|b txt
|2 rdacontent
|
| 336 |
|
|
|a statický obraz
|b sti
|2 rdacontent
|
| 337 |
|
|
|a bez média
|b n
|2 rdamedia
|
| 338 |
|
|
|a zväzok
|b nc
|2 rdacarrier
|
| 500 |
|
|
|a Nad názvom: Perfektná kniha pre zvedavé deti
|
| 500 |
|
|
|a Na obálke: Povedz mi: Vesmír
|
| 500 |
|
|
|a Nad názvom na obálke: Larousse
|
| 500 |
|
|
|a Pevné dosky so zaisťovacou gumičkou
|
| 504 |
|
|
|a Obsahuje register
|
| 521 |
8 |
|
|a Pre deti od 6 rokov
|
| 650 |
0 |
7 |
|a vesmír
|2 SNKPH
|9 1770
|
| 650 |
0 |
7 |
|a planéty
|2 SNKPH
|9 1784
|
| 650 |
0 |
7 |
|a kozmický výskum
|2 SNKPH
|9 28861
|
| 650 |
0 |
7 |
|a všeobecnosti a zaujímavosti
|2 SNKPH
|9 4162
|
| 650 |
0 |
7 |
|a Universe
|2 SNKPHeng
|9 310664
|
| 650 |
0 |
7 |
|a Planets
|2 SNKPHeng
|9 345218
|
| 650 |
0 |
7 |
|a Space research
|2 SNKPHeng
|9 312793
|
| 650 |
0 |
7 |
|a General and attractions
|2 SNKPHeng
|9 267066
|
| 651 |
|
7 |
|a Slnečná sústava
|2 SNKPHgeo
|9 1785
|
| 651 |
|
7 |
|a Solar system
|2 SNKPHeng
|9 312797
|
| 655 |
|
7 |
|a populárno-náučné publikácie
|2 SNKPH
|9 70460
|
| 655 |
|
7 |
|a publikácie pre deti
|2 SNKPH
|9 70148
|
| 655 |
|
7 |
|a Popular works
|2 SNKPHeng
|9 90287
|
| 655 |
|
7 |
|a Publications for children
|2 SNKPHeng
|9 276792
|
| 700 |
1 |
|
|a Galer, Rebecca
|4 ill
|9 508360
|
| 700 |
1 |
|
|a Mazzari, Mauro
|4 ill
|9 503867
|
| 700 |
1 |
|
|a Chenot, Patrick,
|d 1971-
|4 ill
|9 203645
|
| 700 |
1 |
|
|a Corvest, Eva
|4 trl
|9 508361
|
| 919 |
|
|
|a 978-80-551-7749-6
|
| 954 |
|
|
|a iná literatúra (príručky, kuchárske knihy, hobby literatúra, sprievodcovia) cudzojazyčná (svetová)
|
| 958 |
|
|
|a DB
|
| 958 |
|
|
|a OP
|
| 968 |
|
|
|b FR
|
| 999 |
|
|
|c 784397
|d 786327
|
| 952 |
|
|
|a SNK
|b SNK
|y PREZ
|7 0
|p 17A1469798
|o snkSC 195526
|i snk2021/19009
|8 0
|0 0
|1 0
|4 0
|d 2021-11-24
|l 0
|r 2025-10-15 00:00:00
|w 2026-02-24
|
| 952 |
|
|
|a SNK
|b SNK
|y PREZ
|7 0
|p 17A1469797
|o snkSC 195526 D1
|i snk2021/19011
|8 0
|0 0
|1 0
|4 0
|d 2021-11-24
|l 0
|r 2026-02-24 01:15:47
|w 2026-02-24
|